| 000 | 00518nam a2200169Ia 4500 | ||
|---|---|---|---|
| 999 |
_c35151 _d35151 |
||
| 003 | OSt | ||
| 005 | 20201218123118.0 | ||
| 008 | 190216s9999||||xx |||||||||||||| ||und|| | ||
| 040 | _coclc | ||
| 082 |
_a220.5206 _bUNI/T |
||
| 100 |
_aUniversity, Oxford _94957 |
||
| 245 | 4 |
_aThe New English Bible New Testament / _cOxford University |
|
| 260 |
_bOxford University Press, _c1961. _aLondon: |
||
| 300 | _a432p | ||
| 650 | _aNew English Bible | ||
| 942 |
_cREF _2ddc _h220.5206 _iUNI/T _k220.5206 _mUNI/T |
||